[Event "European School-ch 2019"]
[Site "Mamaia"]
[Date "2019.06.06"]
[Round "7.13"]
[White "Simonyan, Grigori"]
[Black "Nastore, Pavel-Alexandru"]
[Result "1/2-1/2"]
[WhiteElo "2019"]
[BlackElo "1942"]
[Annotator "NA RC"]
[PlyCount "60"]
[EventDate "2019.05.31"]
[EventType "swiss"]
[EventCountry "ROU"]
[SourceTitle "playchess.com"]
[Source "ChessBase"]
[SourceQuality "1"]
[TimeControl "40/5400+30:1800+30"]

1. d4 {[%emt 0:00:00]} Nf6 {[%emt 0:00:00]} 2. c4 {[%emt 0:00:00]} c5 {[%emt 0:00:00]} 3. d5 {[%emt 0:00:00]} e6 {[%emt 0:00:00]} 4. Nc3 {[%emt 0:00:07]} exd5 {[%emt 0:00:00]} 5. cxd5 {[%emt 0:00:06]} d6 {[%emt 0:00:00]} 6. e4 {[%emt 0:00:11]} g6 {[%emt 0:00:00]} 7. f4 {[%emt 0:00:29]} Bg7 {[%emt 0:00:00]} 8. Bb5+ {[%emt 0:00:10]} Nfd7 {[%emt 0:00:00]} 9. Nf3 {[%emt 0:00:11]} a6 {[%emt 0:00:27]} 10. Bd3 {[%emt 0:00:09]} O-O {[%emt 0:01:23]} 11. O-O {[%emt 0:00:15]} b5 {[%emt 0:03:34]} 12. Qe1 {[%emt 0:00:14] A67: Modern Benoni: Taimanov Variation} Re8 {[%emt 0:00:47]} 13. Qg3 {[%emt 0:12:58]} c4 {[%emt 0:01:17]} 14. Bc2 {[%emt 0:00:04]} b4 {[%emt 0:03:04]} 15. Na4 {[%emt 0:13:08]} Nb6 {[%emt 0:15:25] [#]} 16. Be3 $146 {[%emt 0:19:12]} ({Predecessor:} 16. f5 $16 N8d7 17. Qxd6 Nxa4 18. Bxa4 Rxe4 19. Ng5 Re2 20. fxg6 hxg6 21. Rxf7 {1-0 (47) Paravyan,D (2509)-Solovjev,N (2332) Moscow 2016}) 16... Nxa4 {[%emt 0:06:58]} 17. Bxa4 {[%emt 0:00:06]} Bd7 {[%emt 0:00:07]} 18. Bc2 {[%emt 0:05:41]} Bb5 19. f5 {[%emt 0:10:25]} (19. Ng5 $16) 19... Nd7 {[%emt 0:03:20]} (19... b3 $11 20. axb3 cxb3 21. Bxb3 Bxb2) 20. Qxd6 {[%emt 0:06:02] [#]} (20. Rf2 $14) 20... c3 $11 {[%emt 0:06:08]} (20... b3 $1 $17 {[%cal Rb3c2]} 21. fxg6 (21. axb3 cxb3 22. Bxb3 Bxf1 $15) 21... hxg6 22. axb3 cxb3 {[%mdl 64] Discovered Attack} 23. Bxb3 Bxf1 24. Rxf1 Rxe4) 21. bxc3 {[%emt 0:00:08]} bxc3 {[%emt 0:15:23]} 22. fxg6 {[%emt 0:04:44]} hxg6 {[%emt 0:00:26]} 23. Rfb1 {[%emt 0:02:10]} Nf6 {[%emt 0:06:35]} 24. Qf4 {[%emt 0:04:10]} Nh5 {[%emt 0:04:04]} 25. Qg5 {[%emt 0:06:39]} Bf6 {[%emt 0:00:17]} 26. Qh6 {[%emt 0:00:02]} Bg7 {[%emt 0:00:15]} 27. Qg5 {[%emt 0:00:09]} Bf6 {[%emt 0:00:11]} 28. Qh6 {[%emt 0:00:17]} Bg7 {[%emt 0:00:04]} 29. Qg5 Bf6 30. Qh6 Bg7 1/2-1/2

[Event "European School-ch 2019"]
[Site "Mamaia"]
[Date "2019.06.06"]
[Round "7.14"]
[White "Triboi, Alexander"]
[Black "Dobre, Radu-Fabian"]
[Result "0-1"]
[WhiteElo "1748"]
[BlackElo "1978"]
[Annotator "NA RC"]
[PlyCount "90"]
[EventDate "2019.05.31"]
[EventType "swiss"]
[EventCountry "ROU"]
[SourceTitle "playchess.com"]
[Source "ChessBase"]
[SourceQuality "1"]
[TimeControl "40/5400+30:1800+30"]

1. Nf3 {[%emt 0:00:00]} d5 {[%emt 0:00:00]} 2. g3 {[%emt 0:00:00]} Nf6 {[%emt 0:00:00]} 3. Bg2 {[%emt 0:00:00]} e6 {[%emt 0:00:00]} 4. O-O {[%emt 0:00:00]} Be7 {[%emt 0:00:02]} 5. c4 {[%emt 0:00:00]} O-O {[%emt 0:00:07]} 6. d4 {[%emt 0:00:00]} b6 {[%emt 0:00:07]} 7. cxd5 {[%emt 0:00:06]} exd5 {[%emt 0:00:05]} 8. Nc3 {[%emt 0:00:05]} Bb7 {[%emt 0:00:05]} 9. Bf4 {[%emt 0:00:13]} Na6 {[%emt 0:00:23]} 10. Rc1 {[%emt 0:00:06]} c5 {[%emt 0:04:33]} 11. dxc5 {[%emt 0:00:16]} Nxc5 {[%emt 0:00:24]} 12. Nd4 {[%emt 0:00:13]} Qd7 {[%emt 0:12:50]} 13. Qc2 {[%emt 0:01:42]} g6 {[%emt 0:11:23]} 14. Rfd1 {[%emt 0:08:15]} Rac8 {[%emt 0:04:55]} 15. Qb1 {[%emt 0:02:55]} Rfd8 {[%emt 0:03:56]} 16. b4 {[%emt 0:14:46]} Nce4 {[%emt 0:02:40]} 17. Qb3 {[%emt 0:07:56]} Nh5 {[%emt 0:20:26]} 18. Be3 {[%emt 0:02:59]} Bf6 $18 {[%emt 0:01:20]} (18... Nxc3 $11 19. Rxc3 Rxc3 20. Qxc3 Nf6) 19. h3 {[%emt 0:22:46]} Qe8 {[%emt 0:04:50]} 20. Nxe4 {[%emt 0:04:33]} dxe4 {[%emt 0:00:15]} 21. Rxc8 {[%emt 0:04:31]} Rxc8 {[%emt 0:00:32]} 22. b5 {[%emt 0:05:22]} Be5 {[%emt 0:08:24]} 23. Qb4 {[%emt 0:07:10]} Nf6 {[%emt 0:00:48]} 24. Bg5 {[%emt 0:02:29]} Nd5 {[%emt 0:01:33]} 25. Qd2 {[%emt 0:04:41]} Nc3 {[%emt 0:04:09]} 26. Re1 {[%emt 0:00:31]} Nxb5 {[%emt 0:00:23]} 27. Nxb5 {[%emt 0:00:51]} Qxb5 {[%emt 0:00:53]} 28. Rd1 {[%emt 0:00:28]} h5 {[%emt 0:06:04]} 29. Qe3 {[%emt 0:05:32]} Rc2 {[%emt 0:01:56]} 30. Rd8+ {[%emt 0:01:14]} Kh7 {[%emt 0:00:35]} 31. Bxe4 {[%emt 0:00:51]} Rxe2 32. Qf3 Re1+ {[%emt 0:04:44]} 33. Kh2 {[%emt 0:00:27]} Bxg3+ {[%emt 0:00:17]} 34. fxg3 {[%emt 0:01:45]} Qe2+ {[%emt 0:02:05]} 35. Qxe2 {[%emt 0:00:38]} Rxe2+ {[%emt 0:00:01]} 36. Kg1 {[%emt 0:00:02]} Bxe4 {[%emt 0:00:27]} 37. Bf6 {[%emt 0:03:30]} g5 {[%emt 0:00:01]} 38. Bxg5 {[%emt 0:00:01]} Rg2+ {[%emt 0:00:26]} 39. Kf1 {[%emt 0:00:03]} Rxg3 {[%emt 0:00:05]} 40. h4 {[%emt 0:00:00]} f6 {[%emt 0:00:00]} 41. Bd2 {[%emt 0:02:04]} Ra3 {[%emt 0:01:03]} 42. Bb4 {[%emt 0:01:17]} Rxa2 {[%emt 0:01:57]} 43. Be7 {[%emt 0:00:32]} Ra5 {[%emt 0:00:30]} 44. Bb4 Ra2 45. Rf8 f5 0-1

[Event "European School-ch 2019"]
[Site "Mamaia"]
[Date "2019.06.06"]
[Round "7.15"]
[White "Larichev, Prokhor"]
[Black "Nedelcu, Teodor-Cosmin"]
[Result "0-1"]
[WhiteElo "1764"]
[BlackElo "1954"]
[Annotator "NA RC"]
[PlyCount "148"]
[EventDate "2019.05.31"]
[EventType "swiss"]
[EventCountry "ROU"]
[SourceTitle "playchess.com"]
[Source "ChessBase"]
[SourceQuality "1"]
[TimeControl "40/5400+30:1800+30"]

1. e4 {[%emt 0:00:00]} c5 {[%emt 0:00:00]} 2. Nf3 {[%emt 0:00:00]} e6 {[%emt 0:00:00]} 3. d4 {[%emt 0:00:35]} cxd4 {[%emt 0:00:00]} 4. Nxd4 {[%emt 0:00:27]} Nc6 {[%emt 0:00:05]} 5. Nc3 {[%emt 0:00:43]} Nf6 {[%emt 0:10:21]} 6. Ndb5 {[%emt 0:00:53]} Bb4 {[%emt 0:13:39]} 7. a3 {[%emt 0:03:04]} Bxc3+ {[%emt 0:00:28]} 8. Nxc3 {[%emt 0:00:10]} O-O {[%emt 0:02:30]} 9. Bf4 {[%emt 0:12:59]} d5 {[%emt 0:10:40]} 10. exd5 {[%emt 0:01:06]} exd5 {[%emt 0:01:41]} 11. Bd3 {[%emt 0:01:06]} Re8+ {[%emt 0:01:20]} 12. Ne2 {[%emt 0:02:34]} Qb6 {[%emt 0:06:16]} 13. b3 {[%emt 0:03:56]} Bg4 {[%emt 0:10:48]} 14. f3 {[%emt 0:03:52] [#]} Bd7 $2 {[%emt 0:01:18]} ({Black should try} 14... Nd4 $1 $19 {[%cal Rd4e2]} 15. c3 Nxe2 16. Bxe2 Rac8) 15. Bg3 {[%emt 0:01:01]} Ne5 {[%emt 0:03:38]} 16. Bxe5 {[%emt 0:03:34]} (16. Bf2 $1 $11 Nxd3+ 17. cxd3) 16... Rxe5 {[%emt 0:00:13]} 17. Qd2 {[%emt 0:01:35]} Rae8 $15 {[%emt 0:13:43]} 18. O-O-O {[%emt 0:02:23]} Bf5 {[%emt 0:01:32]} 19. Ng3 {[%emt 0:02:17]} Bxd3 {[%emt 0:02:42]} 20. Qxd3 {[%emt 0:00:05]} a5 {[%emt 0:02:54]} 21. Rd2 {[%emt 0:02:39]} Qc7 {[%emt 0:05:52]} 22. Re2 {[%emt 0:04:12]} Rxe2 {[%emt 0:00:58]} 23. Nxe2 {[%emt 0:02:01]} Qe7 {[%emt 0:00:21]} 24. Nd4 {[%emt 0:02:12]} Qxa3+ {[%emt 0:00:31]} 25. Kd2 {[%emt 0:00:06]} Qd6 {[%emt 0:01:17]} 26. g3 {[%emt 0:00:18]} Nd7 {[%emt 0:01:07]} 27. Re1 {[%emt 0:01:10]} Rxe1 {[%emt 0:03:23]} 28. Kxe1 {[%emt 0:00:04]} g6 {[%emt 0:00:37]} 29. Kf2 {[%emt 0:00:23]} Ne5 {[%emt 0:01:52]} 30. Qe3 {[%emt 0:01:35]} Qc7 {[%emt 0:00:31]} 31. c3 {[%emt 0:01:33]} Qd6 {[%emt 0:00:53]} 32. Kg2 {[%emt 0:02:33]} Nc6 {[%emt 0:01:31]} 33. Nb5 {[%emt 0:01:11]} Qe6 {[%emt 0:00:23]} 34. Qd3 {[%emt 0:00:39]} Qe5 {[%emt 0:00:36]} 35. Kf2 {[%emt 0:00:35]} Ne7 {[%emt 0:01:07]} 36. Qe3 {[%emt 0:01:11]} Qe6 {[%emt 0:00:25]} 37. Nc7 {[%emt 0:02:21]} Qd7 {[%emt 0:00:24]} 38. Qc5 {[%emt 0:00:13]} Kg7 {[%emt 0:01:09]} 39. Qxa5 {[%emt 0:00:44]} Qc6 {[%emt 0:00:12]} 40. Nb5 {[%emt 0:00:00]} Qc5+ {[%emt 0:00:00]} 41. Kg2 {[%emt 0:02:58]} Nf5 {[%emt 0:01:20]} 42. Qa4 {[%emt 0:00:45]} Qe3 {[%emt 0:00:56]} 43. Qa2 {[%emt 0:00:52]} Qd3 {[%emt 0:01:03]} 44. Nc7 {[%emt 0:00:33]} Ne3+ {[%emt 0:00:12]} 45. Kf2 {[%emt 0:00:05]} Nd1+ {[%emt 0:01:14]} 46. Kg2 {[%emt 0:00:18]} Nxc3 {[%emt 0:00:24]} 47. Qb2 {[%emt 0:00:06]} Kg8 {[%emt 0:00:47]} 48. Ne8 {[%emt 0:00:33]} Qd4 {[%emt 0:00:47]} 49. Nc7 {[%emt 0:00:22]} Qc5 {[%emt 0:00:40]} 50. Ne8 {[%emt 0:00:20]} Qc6 {[%emt 0:01:18]} 51. Nd6 {[%emt 0:00:15]} d4 {[%emt 0:03:12]} 52. Nc4 {[%emt 0:00:07]} Qe6 {[%emt 0:01:03]} 53. Qd2 {[%emt 0:00:13]} Qd7 {[%emt 0:02:38]} 54. Ne5 {[%emt 0:01:48]} Qd5 {[%emt 0:01:38]} 55. Nc4 {[%emt 0:00:25]} b5 {[%emt 0:01:05]} 56. Na5 {[%emt 0:00:12]} h5 {[%emt 0:01:51]} 57. Qd3 {[%emt 0:00:22]} Qa8 {[%emt 0:02:26]} 58. b4 {[%emt 0:00:08]} Qd5 {[%emt 0:00:34]} 59. h4 {[%emt 0:00:28]} Na2 {[%emt 0:00:58]} 60. Qb3 {[%emt 0:00:32]} Nxb4 {[%emt 0:04:13]} 61. Qxb4 {[%emt 0:00:02]} Qa2+ {[%emt 0:03:25]} 62. Kf1 {[%emt 0:00:15]} d3 {[%emt 0:02:48]} 63. Nb3 {[%emt 0:01:05]} Qe2+ {[%emt 0:00:43]} 64. Kg1 {[%emt 0:00:04]} Qxf3 {[%emt 0:00:26]} 65. Qxb5 {[%emt 0:00:02]} Qxg3+ {[%emt 0:00:53]} 66. Kf1 {[%emt 0:00:06]} Qf3+ {[%emt 0:00:15]} 67. Kg1 {[%emt 0:00:06]} Qe3+ {[%emt 0:00:05]} 68. Kf1 {[%emt 0:00:36]} d2 {[%emt 0:01:08]} 69. Nxd2 {[%emt 0:00:13]} Qxd2 {[%emt 0:00:04]} 70. Qe8+ {[%emt 0:00:18]} Kg7 {[%emt 0:00:04]} 71. Qe5+ {[%emt 0:00:04]} Kh7 {[%emt 0:00:05]} 72. Qf6 {[%emt 0:00:15]} Qd3+ {[%emt 0:00:08]} 73. Kg2 {[%emt 0:00:03]} Qc4 {[%emt 0:01:10]} 74. Kf3 {[%emt 0:00:08]} Qf1+ {[%emt 0:00:04]} 0-1

[Event "European School-ch 2019"]
[Site "Mamaia"]
[Date "2019.06.06"]
[Round "7.16"]
[White "Tarhan, Adar"]
[Black "Baranciuc, Alexandr"]
[Result "1-0"]
[WhiteElo "1964"]
[BlackElo "1900"]
[Annotator "NA RC"]
[PlyCount "67"]
[EventDate "2019.05.31"]
[EventType "swiss"]
[EventCountry "ROU"]
[SourceTitle "playchess.com"]
[Source "ChessBase"]
[SourceQuality "1"]
[TimeControl "40/5400+30:1800+30"]

1. e4 {[%emt 0:00:00]} c6 {[%emt 0:00:02]} 2. d4 {[%emt 0:00:00]} d5 {[%emt 0:00:27]} 3. e5 {[%emt 0:00:00]} Bf5 {[%emt 0:00:17]} 4. Nf3 {[%emt 0:00:02]} e6 {[%emt 0:00:07]} 5. Be2 {[%emt 0:00:12]} Ne7 {[%emt 0:00:06]} 6. O-O {[%emt 0:00:15]} Nd7 {[%emt 0:00:03]} 7. Nbd2 {[%emt 0:02:29]} h6 {[%emt 0:00:27]} 8. c4 {[%emt 0:00:27]} g5 {[%emt 0:02:52]} 9. Re1 {[%emt 0:13:14]} Ng6 {[%emt 0:11:11]} 10. Nf1 {[%emt 0:02:54]} Bb4 {[%emt 0:09:20]} 11. Bd2 {[%emt 0:01:28]} Bxd2 {[%emt 0:03:25]} 12. N3xd2 {[%emt 0:01:03]} Nf4 {[%emt 0:02:42]} 13. Ne3 {[%emt 0:01:15]} Bg6 {[%emt 0:16:38]} 14. Rc1 {[%emt 0:15:41]} h5 {[%emt 0:05:05] [#]} 15. Bf1 $1 {[%emt 0:05:34]} Bd3 {[%emt 0:08:29]} 16. Rc3 {[%emt 0:06:54]} Bxf1 {[%emt 0:00:09]} 17. Ndxf1 $14 {[%emt 0:00:18]} Nb6 {[%emt 0:05:07]} 18. g3 {[%emt 0:04:44]} Ng6 {[%emt 0:01:05]} 19. cxd5 {[%emt 0:00:28]} Nxd5 {[%emt 0:12:49]} 20. Nxd5 {[%emt 0:03:24]} Qxd5 {[%emt 0:00:47]} 21. Ne3 {[%emt 0:00:35]} Qd7 {[%emt 0:00:05]} 22. Nc4 {[%emt 0:00:10]} O-O-O {[%emt 0:00:37]} 23. Nd6+ {[%emt 0:00:40]} Kb8 {[%emt 0:00:05]} 24. Rb3 {[%emt 0:03:13]} b6 {[%emt 0:00:14]} 25. Qd3 {[%emt 0:00:45]} h4 {[%emt 0:05:26]} 26. Qa6 {[%emt 0:03:27]} Qc7 {[%emt 0:00:17]} 27. a4 {[%emt 0:02:21]} hxg3 {[%emt 0:01:48]} 28. hxg3 {[%emt 0:01:02]} f6 {[%emt 0:01:24]} 29. a5 {[%emt 0:02:43]} b5 {[%emt 0:00:09]} 30. Rc1 {[%emt 0:02:02]} Rxd6 {[%emt 0:04:40]} 31. exd6 {[%emt 0:00:07]} Qh7 {[%emt 0:00:03]} 32. Qxc6 {[%emt 0:00:29]} Qh2+ {[%emt 0:01:45]} 33. Kf1 {[%emt 0:00:07]} Qh3+ {[%emt 0:02:05]} 34. Ke1 {[%emt 0:01:43]} 1-0

[Event "European School-ch 2019"]
[Site "Mamaia"]
[Date "2019.06.06"]
[Round "7.17"]
[White "Creanga, Robert-Ionut"]
[Black "Kanli, Alperen"]
[Result "0-1"]
[WhiteElo "2128"]
[BlackElo "1790"]
[Annotator "TA"]
[PlyCount "120"]
[EventDate "2019.05.31"]
[EventType "swiss"]
[EventCountry "ROU"]
[SourceTitle "playchess.com"]
[Source "ChessBase"]
[SourceQuality "1"]

{[%evp 18,120,30,18,30,0,0,0,6,-23,0,0,0,-177,-164,-156,-61,-55,-66,-49,-57,-97,-94,-137,-93,-70,-81,-73,-70,-63,0,-79,0,0,0,0,0,0,0,0,0,0,0,0,0,0,0,0,0,0,0,0,22,0,0,0,2,2,72,56,58,35,72,22,22,22,25,7,29,31,72,71,72,72,104,0,0,0,333,0,0,0,325,316,283,-5206,-1977,-5569,-5061,-29979,-29980,-29985,-29986,-29988,-29989,-29989,-29990,-29990,-29991,-29991,-29992,-29994,-29991,-29991,-29992]} 1. d4 d5 2. c4 dxc4 3. e3 Nf6 4. Bxc4 e6 5. Nf3 a6 6. Bd3 c5 7. dxc5 Bxc5 8. O-O b5 9. Qe2 Nbd7 10. a4 b4 {D26: Queen's Gambit Accepted: 4 e3 e6 5 Bxc5 c5 sidelines} 11. a5 $146 ({Predecessor:} 11. Nbd2 Bb7 12. e4 e5 13. Nc4 O-O 14. Bg5 h6 15. Bh4 Re8 16. Rac1 a5 17. Rfd1 Qb8 18. Ncd2 Be7 19. Bb5 Rd8 20. Nc4 Nc5 {1-0 (34) Kempinski,R (2577)-Tomczak,M (2394) Zgierz 2018}) 11... Bb7 12. Nbd2 O-O {The position is equal.} 13. h3 Qb8 14. e4 Nh5 {aiming for ...Nf4.} 15. Rd1 $2 (15. Nb3 $1 $11) 15... Nf4 $19 16. Qf1 Nxd3 (16... f5 $1 $17 17. Bc2 fxe4 18. Bxe4 (18. Nxe4 $2 Nxh3+ {[%mdl 64] Deflection} 19. gxh3 Rxf3 $19) 18... Bd5) 17. Qxd3 $15 Rd8 18. Nb3 {Black must now prevent Bg5.} Be7 19. Qc2 Nf6 20. e5 Rc8 21. Qe2 Bxf3 22. gxf3 Nd5 23. f4 Qc7 {[#]} (23... g6 $15) 24. Be3 (24. f5 $1 $11 {[%mdl 512] remains equal.}) 24... Qc4 (24... Qc2 $17 25. Qxc2 Rxc2) 25. Qxc4 $11 Rxc4 26. Rac1 Rac8 27. Rxc4 Rxc4 28. Rc1 Rxc1+ 29. Bxc1 {[%mdl 4096] Endgame KBN-KBN} Kf8 30. Kf1 Ke8 31. Ke2 g6 32. Bd2 Kd7 33. Kd3 Kc6 34. Kc4 Bf8 35. Be3 Be7 36. Nd4+ Kb7 37. Bd2 Bf8 (37... Bh4 $11 {keeps the balance.}) 38. Nf3 $16 h6 39. Nd4 Bg7 40. Nc2 Bf8 41. Ne1 h5 42. Nd3 Be7 (42... Kc8 {looks sharper.} 43. b3 Be7 44. Nc5 Bd8 45. Nxa6 Bxa5 46. Kb5 Bb6) 43. Nc5+ Bxc5 44. Kxc5 $14 {KB-KN} Kc7 {[#]} 45. b3 $1 Kd7 {[#]} 46. h4 (46. Bc1 $1 $16) 46... Kc7 $11 47. f3 Kd7 $2 {[%mdl 8192]} (47... Nc3 $11 {and Black is okay.}) 48. Bc1 Kc7 49. Bd2 Kd7 50. Bxb4 Nxf4 {Strongly threatening ...Nd3+.} 51. Kb6 $4 {[%mdl 8192]} (51. Bd2 $18 Nd5 52. b4) 51... Nd5+ $19 52. Kxa6 Nxb4+ {KN-KP} 53. Kb7 {[#]} g5 $1 {Black mates.} 54. a6 {[#]} (54. hxg5 h4) 54... Nxa6 $1 {[%mdl 576] Promotion} 55. Kxa6 gxh4 {KP-KP} 56. b4 h3 57. b5 h2 58. b6 h1=Q 59. b7 Qa1+ 60. Kb6 Qb2+ {Accuracy: White = 53%, Black = 52%.} 0-1

[Event "European School-ch 2019"]
[Site "Mamaia"]
[Date "2019.06.06"]
[Round "7.18"]
[White "Ince, Taylan Ruzgar"]
[Black "Levin, Guy"]
[Result "0-1"]
[WhiteElo "1654"]
[BlackElo "2054"]
[Annotator "NA RC"]
[PlyCount "66"]
[EventDate "2019.05.31"]
[EventType "swiss"]
[EventCountry "ROU"]
[SourceTitle "playchess.com"]
[Source "ChessBase"]
[SourceQuality "1"]
[TimeControl "40/5400+30:1800+30"]

1. e4 {[%emt 0:00:00]} c5 {[%emt 0:00:00]} 2. Nf3 {[%emt 0:00:00]} d6 {[%emt 0:00:00]} 3. Bb5+ {[%emt 0:00:30]} Bd7 {[%emt 0:00:00]} 4. c4 {[%emt 0:00:35]} Nf6 {[%emt 0:00:08]} 5. Nc3 {[%emt 0:00:12]} g6 {[%emt 0:00:19]} 6. O-O {[%emt 0:01:01]} Bg7 {[%emt 0:00:25]} 7. d4 {[%emt 0:02:26]} cxd4 {[%emt 0:00:12]} 8. Nxd4 {[%emt 0:00:06]} Nc6 {[%emt 0:00:08]} 9. Be3 {[%emt 0:07:53]} O-O {[%emt 0:00:35]} 10. h3 {[%emt 0:00:43]} Rc8 {[%emt 0:20:26]} 11. Bxc6 {[%emt 0:14:40]} bxc6 {[%emt 0:00:23]} 12. c5 {[%emt 0:00:12]} d5 {[%emt 0:01:53]} 13. e5 {[%emt 0:01:52]} Ne8 {[%emt 0:00:37]} 14. f4 {[%emt 0:07:19]} Nc7 {[%emt 0:04:51]} 15. Qa4 {[%emt 0:07:16]} f6 {[%emt 0:06:54]} 16. Nf3 {[%emt 0:08:07]} ({Not} 16. Nxc6 $2 Qe8 $19) 16... Ne6 $15 {[%emt 0:11:40]} 17. Qxa7 {[%emt 0:10:55]} fxe5 {[%emt 0:00:12]} 18. fxe5 {[%emt 0:00:26]} Rxf3 {[%emt 0:00:31]} 19. Rxf3 {[%emt 0:01:20]} d4 {[%emt 0:00:11]} 20. Bd2 {[%emt 0:16:03]} dxc3 {[%emt 0:00:48]} 21. Bxc3 {[%emt 0:00:09]} Nc7 {[%emt 0:03:00]} 22. Ba5 {[%emt 0:10:20]} Be6 {[%emt 0:00:36]} 23. Re1 {[%emt 0:06:04]} Qd4+ {[%emt 0:01:40]} 24. Kh1 {[%emt 0:00:23]} Nd5 {[%emt 0:02:43]} 25. Bc3 {[%emt 0:01:32]} Qh4 {[%emt 0:01:04]} 26. Ref1 {[%emt 0:02:03]} g5 {[%emt 0:01:46]} 27. Be1 {[%emt 0:00:44]} Qh5 {[%emt 0:01:54]} 28. Kg1 {[%emt 0:00:36]} g4 {[%emt 0:03:53]} 29. hxg4 Bxg4 {[%emt 0:00:37]} 30. Rb3 {[%emt 0:00:30]} Bxe5 {[%emt 0:04:54]} 31. Bg3 {[%emt 0:00:06]} Bd4+ {[%emt 0:00:32]} 32. Bf2 {[%emt 0:00:06]} Nf4 {[%emt 0:00:20]} 33. Re1 {[%emt 0:01:38]} Qh4 {[%emt 0:03:02]} 0-1

[Event "European School-ch 2019"]
[Site "Mamaia"]
[Date "2019.06.06"]
[Round "7.19"]
[White "Gurel, Ediz"]
[Black "Samunenkov, Ihor"]
[Result "1/2-1/2"]
[WhiteElo "1914"]
[BlackElo "1972"]
[Annotator "NA RC"]
[PlyCount "51"]
[EventDate "2019.05.31"]
[EventType "swiss"]
[EventCountry "ROU"]
[SourceTitle "playchess.com"]
[Source "ChessBase"]
[SourceQuality "1"]
[TimeControl "40/5400+30:1800+30"]

1. e4 {[%emt 0:00:00]} c5 {[%emt 0:00:00]} 2. Nf3 {[%emt 0:00:14]} Nc6 {[%emt 0:00:06]} 3. d4 {[%emt 0:00:24]} cxd4 {[%emt 0:00:09]} 4. Nxd4 {[%emt 0:00:30]} g6 {[%emt 0:00:23]} 5. Nc3 {[%emt 0:00:34]} Bg7 {[%emt 0:00:13]} 6. Be3 {[%emt 0:00:22]} Nf6 {[%emt 0:00:19]} 7. Nxc6 {[%emt 0:06:14]} bxc6 {[%emt 0:00:25]} 8. e5 {[%emt 0:00:07]} Ng8 {[%emt 0:00:12]} 9. Bd4 {[%emt 0:00:14]} Qa5 {[%emt 0:03:12]} 10. Bc4 {[%emt 0:00:35]} Bxe5 {[%emt 0:13:25]} 11. O-O {[%emt 0:00:09]} Nh6 {[%emt 0:03:19]} 12. Re1 {[%emt 0:36:29]} f6 {[%emt 0:09:04]} 13. Bxe5 {[%emt 0:07:37]} fxe5 {[%emt 0:00:25]} 14. Qf3 {[%emt 0:06:00]} Nf5 {[%emt 0:11:36]} ({Better is} 14... Qc7 $15) 15. Rad1 $11 {[%emt 0:05:15]} Rf8 {[%emt 0:12:17]} 16. Bd3 {[%emt 0:11:35]} Qc7 {[%emt 0:10:36]} 17. Qh3 {[%emt 0:02:55]} Rf7 {[%emt 0:01:48]} 18. Ne4 {[%emt 0:01:41]} h6 {[%emt 0:09:24]} 19. Ng3 {[%emt 0:01:32]} d6 {[%emt 0:02:29]} 20. Nxf5 {[%emt 0:00:30]} Bxf5 {[%emt 0:03:53]} 21. Bxf5 {[%emt 0:00:31]} gxf5 {[%emt 0:02:03]} 22. Qxh6 {[%emt 0:00:09]} e4 {[%emt 0:03:26]} 23. c4 {[%emt 0:01:28]} Kd7 {[%emt 0:03:21]} 24. Qf4 {[%emt 0:01:14]} Raf8 {[%emt 0:01:12]} 25. Re3 {[%emt 0:03:34]} Kc8 {[%emt 0:00:28]} 26. Ra3 {[%emt 0:01:54]} 1/2-1/2